| 000 | 01148nam0a22002651 4500 | ||
|---|---|---|---|
| 001 | rc\3784091 | ||
| 005 | 20250530050855.0 | ||
| 021 |
_aRU _b[76-5619] |
||
| 035 | _a(NLR Aleph) 007237365 | ||
| 090 |
_a7746077 _c7746077 |
||
| 100 | _a20120207d1975 |||y0rusy50 ca | ||
| 101 | 0 | _arus | |
| 102 | _aRU | ||
| 105 | _ay z ||||| | ||
| 200 | 1 |
_aМеждународное разделение общественного труда на современном этапе _eУчеб. пособие _fА.Н. Лаврищев _gВсесоюз. заоч. фин.-экон. ин-т |
|
| 210 |
_aМосква _cБ. и. _d1975 |
||
| 215 |
_a88 с. _d20 |
||
| 606 |
_aРазделение труда между социалистическими странами _jПособия для заочников _2psbo |
||
| 606 |
_aРазделение труда между капиталистическими странами _jПособия для заочников _2psbo |
||
| 700 | 1 |
_aЛаврищев _bА.Н. _gАлексей Никитич |
|
| 801 | 0 |
_aRU _bNLR _gpsbo |
|
| 801 | 1 |
_aRU _bELAR _2rusmarc |
|
| 852 |
_aNLR _j76-4/14213 |
||
| 942 | _cBOOK | ||
| 980 | _aNB | ||